• 首页
  • 本馆介绍
  • 公告通知
  • 最新文献
  • 馆藏检索
  • 电子资源
  • 读者导购
  • 参考咨询
  • 我的图书馆
  • 登录
  • 详细信息显示
  • 放入我的书架
  • 预约/预借图书
  • 作者相关作品
  • 分类相关作品
  • 丛书相关作品
  • 出版社相关作品

书目信息

  • 表格格式
  • 工作单格式
  • 卡片格式
题名:
极端非线性光学
    
 
作者: 韦格纳 著 ;王超 , 康轶凡 译
分册:  
出版信息: 武汉   华中科技大学出版社  2015
页数: 232页
开本: 25cm
丛书名: 世界光电经典译丛
单 册:
中图分类: O437
科图分类:
主题词: 非线性--光学--研究
电子资源:
ISBN: 978-7-5609-6963-3
000 01523nam0 2200301 450
001 27
005 20161110171237.42
010    @a978-7-5609-6963-3@b精装@dCNY58.00
100    @a20150826d2015 em y0chiy50 ea
101 1  @achi@ceng
102    @aCN@b420000
105    @aa z 001yy
200 1  @a极端非线性光学@9ji duan fei xian xing guang xue@dExtreme nonlinear optics@zeng@f(德)Martin Wegener著@g王超,康轶凡译
210    @a武汉@c华中科技大学出版社@d2015
215    @a232页@c图@d25cm
225 2  @a世界光电经典译丛
300    @a“十二五”国家重点图书出版规划项目 湖北省学术出版基金资助项目 国家出版基金项目
314    @aMartin Wegener,德国卡尔斯鲁厄理工学院应用物理系终身教授,德国科学院院士,美国光学学会会士,赫克托基金会会士,美国亚利桑那光学中心兼职教授,Nanoscribe公司(该公司起源于著名的卡尔斯鲁厄技术研究所(KIT),是世界顶尖的提供3D纳米微光刻设备的高科技企业)创始人。
330    @a本书在兼顾相关物理理论的基础上,以一个实验物理学家的视角展示了此新兴研究领域的概貌。其中第1章至第6章为基础部分,传统非线性光学中的相关关键结论在必要的时候亦给予了扼要复述。第7章及第8章则从整体上评述了极端非线性光学,以期引导读者掌握本领域最新的研究进展及成果。
461  0 @12001@@a世界光电经典译丛
510 1  @aExtreme nonlinear optics@zeng
606 0  @a非线性@x光学@x研究
690    @aO437@v5
701  0 @a韦格纳@9wei ge na@c(德)@c(Wegener, Martin)@4著
702  0 @a王超@9wang chao@4译
702  0 @a康轶凡@9kang yi fan@4译
801  0 @aCN@b大连网信软件有限公司图书馆·11@c20161110
905    @aZUCC@dO437@e45
    
    极端非线性光学=Extreme nonlinear optics/(德)Martin Wegener著/王超,康轶凡译.-武汉:华中科技大学出版社,2015
    232页:图;25cm.-(世界光电经典译丛)
    “十二五”国家重点图书出版规划项目 湖北省学术出版基金资助项目 国家出版基金项目
    
    ISBN 978-7-5609-6963-3(精装):CNY58.00
    本书在兼顾相关物理理论的基础上,以一个实验物理学家的视角展示了此新兴研究领域的概貌。其中第1章至第6章为基础部分,传统非线性光学中的相关关键结论在必要的时候亦给予了扼要复述。第7章及第8章则从整体上评述了极端非线性光学,以期引导读者掌握本领域最新的研究进展及成果。
●
相关链接 在E读中查询图书 在五车中查询图书 在当当中查询图书 在豆瓣中查询图书


正题名:极端非线性光学     索取号:O437/45         预约/预借

序号 登录号 条形码 馆藏地/架位号 状态 备注
1 908372   209083720   第二样本阅览室/ [索取号:O437/45] 在馆    
2 908373   209083739   第三借阅区/ [索取号:O437/45] 在馆    
3 908374   209083748   密集书库-物理学院/ [索取号:O437/45] 在馆    
4 908375   209083757   第三借阅区/ [索取号:O437/45] 在馆    
5 908376   209083766   第三借阅区/ [索取号:O437/45] 在馆    
唐山师范学院图书馆 欢迎您!
大连网信软件有限公司© 版权所有